[Event "Club Championships A Grade"]
[Site "Wellington Chess Club"]
[Date "2019.09.26"]
[Round "1"]
[White "Nyberg, Michael"]
[Black "Benitez, Edgar"]
[Result "1-0"]
[WhiteElo "2104"]
[BlackElo "2040"]

1. d4 Nf6 2. c4 e6 3. Nf3 b6 4. g3 Ba6 5. Qc2 Bb7 6. Bg2 Bb4+ 7. Nbd2 Nc6 8.
O-O O-O 9. a3 Bxd2 10. Bxd2 d5 11. cxd5 exd5 12. Rac1 Re8 13. Rfe1 Ne4 14. Be3
Qd7 15. b4 a6 16. h4 Nxg3 17. Ng5 g6 18. Bh3 Qe7 19. Kg2 Nh5 20. Rg1 Rad8 21.
Kf1 Qd6 22. Qd2 Ne7 23. Nf3 Nc6 24. Bg5 f6 25. Be3 Kf7 26. Bg4 Ng7 27. Bf4 Qe7
28. Bh6 Ne6 29. h5 Rg8 30. Qd3 Qd6 31. hxg6+ hxg6 32. Rg3 Rde8 33. Bh5 Ne7 34.
Bg4 c6 35. Qd2 Rh8 36. Kg2 Rh7 37. Rh1 Reh8 38. Rgh3 Ng8 39. Be3 Rxh3 40. Bxh3
Bc8 41. Bxe6+ Qxe6 42. Rxh8 Qg4+ 43. Kf1 Ne7 44. Rh4 Qe6 45. Rh1 Nf5 46. Bf4
Qe4 47. Rh7+ Ke6 48. Bc7 b5 49. Qc3 Bd7 50. Qc5 g5 51. Rh8 g4 52. Nd2 Qxd4 53.
Qxd4 Nxd4 54. Bb6 Nc2 55. Nb1 d4 56. Ra8 Kf5 57. Rxa6 Be6 58. Bd8 Bd5 59. Nd2
Ke5 60. Bc7+ Kf5 61. Ra7 Kg6 62. Bf4 Kf5 63. e3 dxe3 64. fxe3 Na1 65. Kf2 Nb3
66. Nxb3 Bxb3 67. Ra6 Bd5 68. a4 bxa4 69. Rxa4 Bc4 70. Kg3 Be2 71. Ra5+ Ke6 72.
Rc5 Bf3 73. b5 cxb5 74. Rxb5 f5 75. Kh4 Be4 76. Re5+ 1-0

[Event "Club Championships A Grade"]
[Site "Wellington Chess Club"]
[Date "2019.09.26"]
[Round "7"]
[White "Pomeroy, Arthur"]
[Black "Dive, Russell"]
[Result "0-1"]
[WhiteElo "2074"]
[BlackElo "2410"]

1. e4 c6 2. d4 d5 3. e5 Bf5 4. h4 h5 5. c4 e6 6. Nc3 Nd7 7. Bg5 Qb6 8. Qd2 dxc4
9. Bxc4 Ne7 10. Nge2 O-O-O 11. Qe3 f6 12. exf6 gxf6 13. Bf4 e5 14. dxe5 Qxe3
15. fxe3 Nxe5 16. Bxe5 fxe5 17. Ng3 Bg4 18. O-O Bh6 19. e4 b5 20. Be2 Be3+ 21.
Kh1 Bf4 22. Nf5 Nxf5 23. exf5 b4 24. Ba6+ Kc7 25. Ne2 Be3 26. f6 Rhf8 27. Ng3
Bf4 28. Ne4 Kb6 29. g3 Bh6 0-1

[Event "Club Championships A Grade"]
[Site "Wellington Chess Club"]
[Date "2019.10.10"]
[Round "3"]
[White "Dive, Russell"]
[Black "Winter, Ryan"]
[Result "0-1"]
[WhiteElo "2410"]
[BlackElo "2087"]

1. Nf3 Nf6 2. c4 c6 3. b3 d5 4. Bb2 Bf5 5. d3 e6 6. Nbd2 Nbd7 7. Qc2 h6 8. a3
a5 9. Rd1 Bh7 10. e4 Bc5 11. Be2 dxe4 12. Nxe4 Be7 13. O-O O-O 14. Rfe1 Qc7 15.
Qc3 c5 16. Ng3 Rfd8 17. d4 cxd4 18. Nxd4 Nc5 19. Bf3 Rac8 20. Bc1 Nd3 21. Nb5
Qb6 22. Be3 Qa6 23. Rf1 Bc5 24. Bxc5 Nxc5 25. Rxd8+ Rxd8 26. b4 axb4 27. axb4
Rd3 28. Qe5 Ncd7 29. Qc7 Bg6 30. Bxb7 Qa4 31. Qa5 Qc2 32. c5 Nxc5 33. bxc5 Qxc5
34. Ba6 Rd7 35. Qc3 Qb6 36. Qc8+ Kh7 37. Nc3 Rc7 38. Na4 Rxc8 39. Nxb6 Rc6 40.
Be2 Rxb6 41. Bf3 h5 42. Re1 Rb3 43. Ne2 e5 44. Bc6 Rb2 45. h3 Ng8 46. Ng3 f6
47. Be4 Kh6 48. Bxg6 Kxg6 49. Re4 Kh6 50. f4 exf4 51. Rxf4 g5 52. Rf1 Kg6 53.
Kh2 Ne7 54. Kg1 Nd5 55. Rf2 Rb3 56. Nf1 h4 57. Nd2 Rb2 58. Nf3 Rxf2 59. Kxf2
Kh5 60. Nd4 Ne7 61. Kf3 f5 62. Nc2 Kg6 63. Nd4 Kf6 64. Nc2 Nd5 65. Nd4 Nb4 66.
Ne2 Nd3 67. Ke3 Ne5 68. Nd4 Ng6 69. Ne2 g4 70. hxg4 fxg4 71. Ke4 Kg5 72. Ke3
Ne7 73. Ke4 Nf5 74. Nc3 Ng3+ 75. Ke3 Nh5 76. Ne4+ Kf5 77. Nd6+ Ke6 78. Nc4 Kf6
79. Ke4 Kg5 80. Ke3 Nf4 81. Kf2 g3+ 82. Kf3 Nd3 83. Ne3 Ne1+ 84. Ke2 Nxg2 85.
Nf1 Nf4+ 86. Kf3 g2 0-1

[Event "Club Championships A Grade"]
[Site "Wellington Chess Club"]
[Date "2019.10.10"]
[Round "3"]
[White "Ker, Anthony"]
[Black "Croad, Nicolas"]
[Result "1/2-1/2"]
[WhiteElo "2451"]
[BlackElo "2442"]

1. e4 c5 2. Nc3 Nc6 3. f4 g6 4. Nf3 Bg7 5. Bb5 Nd4 6. O-O a6 7. Bc4 e6 8. d3
Ne7 9. Bb3 Nec6 10. Kh1 b5 11. Ne2 O-O 12. Nfxd4 cxd4 13. f5 Bb7 14. Ng3 Ne5
15. Bf4 Qh4 16. Qe1 Ng4 17. Ne2 Qxe1 18. Raxe1 exf5 19. exf5 Rfe8 20. fxg6 hxg6
21. Bd6 Ne3 22. Bxf7+ Kh7 23. Rf2 Nxc2 24. Rc1 Rec8 25. Bxg6+ Kxg6 26. Rxc2
Rxc2 27. Nf4+ Kh7 28. Rxc2 Bh6 29. Kg1 Re8 30. Kf2 Bc6 31. Re2 Bxf4 32. Bxf4
Rxe2+ 33. Kxe2 Bxg2 34. Be5 Kg6 35. b4 Kf5 36. Bxd4 Bh3 37. Ke3 d6 38. Bg7 Bg2
39. Kd4 Bf3 40. h4 Be2 41. Bf8 Ke6 42. Ke3 Bd1 43. Kf4 Bc2 44. Ke4 Bd1 45. a3
Be2 46. d4 d5+ 47. Kf4 Bd3 48. Kg5 Be4 49. h5 Bc2 50. Bg7 Bd3 51. Be5 Bc2 52.
Kh6 Kf7 1/2-1/2

[Event "Club Championships A Grade"]
[Site "Wellington Chess Club"]
[Date "2019.10.10"]
[Round "3"]
[White "Nyberg, Michael"]
[Black "Nijman, Brian"]
[Result "0-1"]
[WhiteElo "2104"]
[BlackElo "2212"]

1. e4 c6 2. d4 d5 3. Nc3 dxe4 4. Nxe4 Nf6 5. Ng3 c5 6. Nf3 Nc6 7. c3 cxd4 8.
cxd4 e5 9. dxe5 Qxd1+ 10. Kxd1 Ng4 11. Ke1 Bb4+ 12. Bd2 O-O 13. Bc3 (13. Bxb4
Nxb4 14. h3 Rd8 15. Rc1 Nxa2 16. Rc2 Nh6 17. Rd2 Rxd2 18. Kxd2 Nb4 19. Bc4 $10)
13... Re8 14. Be2 Ngxe5 15. Nxe5 Rxe5 16. Nf1 $6 (16. Bxb4 Nxb4 17. Rd1 Nc2+
18. Kd2 Nd4 19. Bc4 Be6 20. Kc3 $10) 16... Be6 17. Nd2 $2 Bxc3 18. bxc3 Re8 $6
(18... Bg4 19. f3 Rae8 20. fxg4 Rxe2+ 21. Kd1 Rxg2 $19) 19. Kf1 Bxa2 $6 (19...
Bf5 20. Bc4 Na5 $19) 20. Bf3 Bd5 21. g3 Bxf3 22. Nxf3 Rc5 23. Ra3 f6 24. Kg2 a6
25. Rb1 Re7 26. Rd1 Kf7 27. Rd6 Ne5 28. Nxe5+ Rexe5 29. Rb3 Rb5 30. Ra3 Red5
31. Rxd5 Rxd5 32. Kf3 Ke6 33. Ke4 Kd6 34. c4 Rd2 35. Ke3 Rc2 36. Rd3+ Kc6 37.
Rd4 a5 38. Rg4 g5 39. h4 h6 40. hxg5 hxg5 41. f4 Rxc4 0-1

[Event "Club Championships A Grade"]
[Site "Wellington Chess Club"]
[Date "2019.10.10"]
[Round "3"]
[White "Pomeroy, Arthur"]
[Black "Benitez, Edgar"]
[Result "0-1"]
[WhiteElo "2074"]
[BlackElo "2040"]

1. e4 e5 2. Nf3 Nc6 3. Bb5 a6 4. Ba4 Nf6 5. O-O Be7 6. Re1 b5 7. Bb3 d6 8. c3
Na5 9. Bc2 c5 10. d4 Qc7 11. Nbd2 Bg4 12. h3 Bh5 13. g4 Bg6 14. Nf1 Nc4 15. b3
Nb6 16. Ng3 O-O 17. Bb2 Rfe8 18. dxe5 dxe5 19. c4 Bf8 20. cxb5 axb5 21. a4 bxa4
22. bxa4 Nc4 23. Bc3 Na5 24. Nd2 Nc6 25. g5 Nd7 26. h4 h6 27. Qg4 hxg5 28. hxg5
Nd4 29. Bd3 Reb8 30. Kg2 Ne6 31. Bb5 Nf4+ 32. Kf3 Rxb5 33. axb5 Rxa1 34. Rxa1
Qd6 35. Re1 Qd3+ 36. Re3 Qxb5 37. Nf5 $4 Bh5 $1 0-1

[Event "Club Championships A Grade"]
[Site "Wellington Chess Club"]
[Date "2019.10.10"]
[Round "3"]
[White "Timergazi, Layla"]
[Black "Cilia Vincenti, David"]
[Result "0-1"]
[WhiteElo "2166"]
[BlackElo "2271"]

1. d4 f5 2. c4 e6 3. Nc3 Nf6 4. f3 d5 5. e3 Bd6 6. c5 Be7 7. Bd3 b6 8. b4 a5 9.
Qa4+ Bd7 10. Bb5 Bxb5 11. Nxb5 O-O 12. Bd2 Nc6 13. cxb6 cxb6 14. bxa5 Nxa5 15.
Bxa5 Rxa5 16. Qb3 Qd7 17. a4 Rfa8 18. Ra2 Qxb5 19. axb5 Rxa2 20. Qc3 R8a3 21.
Qc8+ Kf7 22. Ne2 Rxe3 23. O-O Rexe2 24. Rc1 Rxg2+ 25. Kh1 Rxh2+ 26. Kg1 Rag2+
27. Kf1 Nh5 0-1

[Event "Club Championships A Grade"]
[Site "Wellington Chess Club"]
[Date "2019.10.17"]
[Round "4"]
[White "Cilia Vincenti, David"]
[Black "Pomeroy, Arthur"]
[Result "1-0"]
[WhiteElo "2271"]
[BlackElo "2074"]

1. d4 Nf6 2. c4 g6 3. Nc3 Bg7 4. e4 d6 5. f3 O-O 6. Nge2 Nc6 7. Be3 a6 8. Qd2
Rb8 9. Rb1 b5 10. cxb5 axb5 11. b4 Bd7 12. d5 Ne5 13. Nd4 Qe8 14. Be2 e6 15.
O-O exd5 16. exd5 Nh5 17. Rfe1 f5 18. f4 Ng4 19. Bxg4 fxg4 20. f5 gxf5 21. Bh6
Qg6 22. Bxg7 Nxg7 23. Re7 Rf7 24. Rbe1 Qf6 25. Rxf7 Qxf7 26. Nc6 Re8 27. Rd1 f4
28. Nxb5 f3 29. Nc3 Bxc6 30. dxc6 Re5 31. Re1 Rxe1+ 32. Qxe1 Qf4 33. Ne4 d5 34.
Nf2 {"Black touched the b pawn"} 34... Qxb4 1-0

[Event "Club Championships A Grade"]
[Site "Wellington Chess Club"]
[Date "2019.10.17"]
[Round "4"]
[White "Croad, Nicolas"]
[Black "Nyberg, Michael"]
[Result "1-0"]
[WhiteElo "2442"]
[BlackElo "2104"]

1. d4 Nf6 2. c4 e6 3. Nf3 d5 4. Nc3 c5 5. cxd5 Nxd5 6. e4 Nb6 7. Be3 cxd4 8.
Bxd4 Nc6 9. Bb5 Bd7 10. Bxc6 Bxc6 11. O-O Nd7 12. Qe2 Qa5 13. a3 a6 14. b4 Qh5
15. Rfd1 Nf6 16. Bxf6 gxf6 17. Nd5 Bxd5 18. exd5 e5 19. d6 Rd8 20. d7+ Rxd7 21.
Rxd7 Kxd7 22. Rd1+ Ke8 23. Qc4 Qf5 24. Qc7 1-0

[Event "Club Championships A Grade"]
[Site "Wellington Chess Club"]
[Date "2019.10.17"]
[Round "4"]
[White "Nijman, Brian"]
[Black "Timergazi, Layla"]
[Result "0-1"]
[WhiteElo "2212"]
[BlackElo "2166"]

1. d4 d5 2. Bf4 Nf6 3. e3 Bg4 4. Qd3 c6 5. h3 Bh5 6. Qb3 Qc8 7. c4 e6 8. a4
Nbd7 9. Nd2 Be7 10. Ngf3 O-O 11. Bd3 Rd8 12. O-O dxc4 13. Nxc4 Bxf3 14. gxf3
Nd5 15. Bg3 N7f6 16. Kg2 Nb4 17. Be2 Qd7 18. Rfd1 Nh5 19. Ne5 Qe8 20. Bh2 a6
21. f4 Nf6 22. Bf3 Nfd5 23. Bh5 g6 24. Bg4 h5 25. Bf3 c5 26. Rac1 cxd4 27. Rxd4
Rac8 28. Rxc8 Rxc8 29. e4 Nc2 30. Rd2 Ne1+ 31. Kf1 Nxf3 32. Nxf3 Nb4 33. f5
gxf5 34. exf5 Qc6 35. fxe6 fxe6 36. Re2 Kh7 37. Qxe6 Qxe6 38. Rxe6 Bc5 39. Ng5+
Kg8 40. Ne4 Bd4 41. Be5 Rc1+ 42. Kg2 Bxe5 43. Rxe5 Nd3 44. Rxh5 Nf4+ 0-1

[Event "Club Championships A Grade"]
[Site "Wellington Chess Club"]
[Date "2019.10.17"]
[Round "4"]
[White "Winter, Ryan"]
[Black "Benitez, Edgar"]
[Result "1-0"]
[WhiteElo "2087"]
[BlackElo "2040"]

1. e4 e5 2. Nf3 Nc6 3. d4 exd4 4. Bc4 Nf6 5. e5 d5 6. Bb5 Ne4 7. Nxd4 Bd7 8.
Bxc6 bxc6 9. O-O Bc5 10. f3 Ng5 11. f4 Ne4 12. Be3 O-O 13. Nd2 f5 $6 { Although
this move looks very healthy for black, I think it inaccurate, as black gets a
passed protected passed pawn on e4, but which shouldn't go anywhere anytime
soon, and white gets a massive kingside majority. }  (13... Nxd2 14. Qxd2 f6
15. Nb3 Bb6 16. Bc5 fxe5 17. fxe5 Qe7 18. Qc3 $10 { [%cal Ge7g5] } ) 14. Nxe4
fxe4 (14... dxe4 $2 { Just looks bad, if nothing else there is a simple tactic
of: } 15. Nxf5 { Winning a pawn } ) 15. Qd2 (15. c4 { Gawain Jones once played
c4, which also seems interesting: } 15... Qe7 16. Rc1 Rab8 17. Kh1 dxc4 18. Qe2
Bxd4 19. Bxd4 Be6 20. Bxa7 Ra8 21. Qe3 { And eventually won after queening the
passed a pawn. } ) 15... Qe7 16. Nb3 Bb6 17. a4 a5 $6 (17... g5 { Has been
played multiple times before, and black seems to be completely fine, if not
slightly preferable now. In theory g5 weakens the kingside, but the damage it
does to white's pawns is much bigger than some slight weakening. } ) 18. Qc3
Qb4 { A tricky move, but I was quite happy to see this move as I liked my
chances in this ending without the queens on the board. I have to deal with the
threat of Qxc3 followed by Bxe3+, so I did just that. } 19. Bc5 (19. Nc5 $5 {
This was another idea, with Qxb4 now potentially a threat, gaining the passed a
pawn. } 19... Bf5)  (19. Qxb4 $4 Bxe3+ (19... axb4) 20. Kh1 axb4 $19)  (19. Kf2
$2 Qxc3 20. bxc3 Rxf4+ $19) 19... Qxc3 20. bxc3 Rfe8 { At this point, I was
very enthusiastic about my chances. Although black does have the bishop pair,
it's most likely that the dark squared bishops will be eventually traded, and
hopefully leave me with a strong knight on c5 vs a bad bishop on c8 for
example. The pawn structure also seems to favour me, as I have a kingside
majority, he has a passed e pawn on e4 but it can't really be backed up by any
of his pieces, and I have the c5 and d4 squares that seem securely under my
control, for my knight or bishop. Although I do have doubled pawns on c2 and
c3, they also seem to be more of a help than a hindrance, as they let me access
the b file and also help control the d4 squares, and could be used to play c4
later to open up some more lines. All in all, I was feeling very comfortable at
this point. } 21. Kf2 { I quite liked this move, as I thought my king will be
decently safe on d4 or c5 and will help protect the e5 pawn to hopefully push
my kingside majority in the future. } 21... g6 { Edgar decides to go for a
blockading strategy, trying to prevent me pushing my kingside pawns, instead of
going for the more risky 21...g5!? }  (21... g5 $5 22. g3 { And I was quite
happy with getting something like this. Eventually the g file should open, and
I have an easy plan of bringing my king in and trying to pay f5. It's hard for
black to try and blockade, because his pawns are garbage and I also have future
ideas of trying to create a weakness on the queenside by doubling on the b
file, which happens later on. } ) 22. Ke3 h5 23. h3 Kf7 24. Kd4 Be6 25. Rab1 (
25. f5 { I was thinking about this move, but couldn't see anything after }
25... gxf5 26. g4 Kg6 27. gxf5+ Bxf5 28. Rg1+ (28. Rf2 Bxh3 29. Rf6+ Kg5) 28...
Kh6 { Suddenly, I've thrown everything away and black has good chances. He's
now up a pawn, h3 is weak, and his light squared bishop is now very active. } )
25... h4 { Edgar was afraid of my f5 ideas, so probably wanted to prevent them
altogether, and nailed down my kingside with this move. it also might allow
black to go g5 with more effect, as ...g5 would completely rip open my kingside
structure. On the other hand, the h4 pawn might become a weakness later on in
the game, for example if my knight gets to f3. } 26. Ke3 { Freeing space for my
knight on d4 potentially, and also maybe allowing me to get out of the pin with
Kd2, to try and force black to trade dark squared bishops. } 26... Bd7 27. Rb2
Rab8 28. Rfb1 g5 { Edgar goes for his g5 break, and basically slammed it down
on the board, so I imagine he thought it was quite a good move. I was quite
happy with this position here still, as I thought that I could take on b6 and
try and infiltrate. } 29. Bxb6 cxb6 $2 { Edgar clearly misses my next move, and
goes wrong. Better would be: }  (29... Rxb6 30. Nc5 gxf4+ 31. Kxf4 Rxb2 32.
Rxb2 Bc8 33. Rb8 $16 { Where he is still alive, but he does have to try and
live with my good knight on c5 and my active rook. If the rooks get traded, I
easily win due to the weakness on a5 and my passed pawn, so he can never really
trade rooks, and I can still play c4 later if I need to. } ) 30. Nc5 gxf4+ 31.
Kxf4 Ke7 32. Rxb6 Rf8+ 33. Ke3 { At this point, I'm just winning }  (33. Kg5 $2
{ Would be a little too brave, and lets black have mating chances which should
lead to a draw. } 33... Rf5+ 34. Kxh4 Rh8+ 35. Kg3 Rg8+ 36. Kh2 Rf2 37. Rb7 (
37. Rg1 Rh8 { hitting h3 } ) 37... Rgxg2+ 38. Kh1 Rh2+ 39. Kg1 Rhg2+ 40. Kh1)
33... Rbd8 34. Rb7 Rg8 35. e6 (35. Kd4 { Is apparently much more accurate,
because rxg2 doesn't work. } 35... Rxg2 36. e6 Rd2+ (36... Kd6 37. Rxd7+ Rxd7
38. exd7 Rd2+ 39. Ke3 $18) 37. Ke5 $18) 35... Kd6 36. Kd4 $6 { here I missed
that Nxd7 was far more easily winning. }  (36. Nxd7 Kxe6 37. Nc5+ Ke5 38. Rf1
$1 Rxg2 39. Rbf7 $18 { And white starts to have mating nets around the black
king. } ) 36... Bxe6 { but here again edgar goes wrong. Bc8 was much better: }
(36... Bc8 37. Rh7 Rxg2 38. Rb8 Rd2+ 39. Ke3 Rxc2 40. Nb7+ Bxb7 41. Rxd8+ Kxe6
42. Rxb7 Rxc3+ 43. Kf4 Rxh3 { And we get some insane endgame where black has 4
pawns for the rook, and might win another as the a4 pawn is quite weak.
According to the computer this is very good for white, but in a practical game
with little time anything could happen here. } ) 37. Rh7 $1 { Threatening Nb7#
} 37... Bc8 (37... Rxg2 38. Nb7#) 38. Rf1 $2 { threatening Rf6#, but this just
throws the win away again. Now black should play Rdf8, and he seems to be doing
fine again. }  (38. Rb8 { threatens Rxc8 and Rd7#, which is a very hard threat
to stop. For example: } 38... Rh8 39. Rxc8 Rxh7 40. Rxd8+ Kc7 41. Ne6+ $18)
38... Rg6 $2 (38... Rdf8 $1 39. Rxf8 Rxf8 40. Rh6+ Kc7 41. c4 Rf2 42. cxd5 cxd5
43. Rh7+ Kd6 44. Rh6+ Kc7 45. Rh7+ Kd8) 39. c4 $1 $18 { Now there are mating
nets in the air. Black can now never take on g2 due to Rf6#, and the king on d6
is far too vulnerable. Rff7 and Re7 is very hard to stop, creating a
unstoppable mating net. } 39... e3 { This allows a quicker mate, but black had
to give up material here to survive anyway. } 40. Rff7 e2 41. Re7 { Nb7+ and c5
is extremely hard to stop, and dxc4 Ne4# is not any better either. } 41... Rxg2
(41... dxc4 42. Ne4#) 42. Nb7+ Bxb7 43. c5# 1-0

[Event "Club Championships A Grade"]
[Site "Wellington Chess Club"]
[Date "2019.10.24"]
[Round "5"]
[White "Benitez, Edgar"]
[Black "Cilia Vincenti, David"]
[Result "0-1"]
[WhiteElo "2040"]
[BlackElo "2271"]

1. d4 f5 2. g3 Nf6 3. Bg2 e6 4. c4 Be7 5. Nf3 O-O 6. O-O d6 7. Nc3 Ne4 8. Qc2
Nxc3 9. Qxc3 Bf6 10. Qb3 Nc6 11. Rd1 Qe7 12. e3 e5 13. d5 Nb8 14. Bd2 Na6 15.
Rac1 Nc5 16. Qa3 e4 17. Ne1 Bd7 18. b4 Na4 19. Rb1 Nb6 20. Bf1 c6 21. dxc6 bxc6
22. Ng2 Be6 23. Rbc1 g5 24. Bc3 d5 25. c5 Nd7 26. Qb2 Rab8 27. Qd2 Ne5 28. Bxe5
Bxe5 29. a4 Qg7 30. Kh1 Qh6 31. Kg1 f4 32. exf4 gxf4 33. gxf4 Rxf4 34. Rc3 Rf6
35. Qxh6 Rxh6 36. Rb3 Bxh2+ 37. Kh1 Be5+ 38. Kg1 d4 39. Rbb1 Bh2+ 40. Kh1 Bd5
41. b5 e3 42. fxe3 dxe3 43. Rxd5 Bg3+ 44. Nh4 cxd5 45. Kg2 Bxh4 46. Bd3 Bd8 47.
Re1 d4 48. Rf1 Rf6 49. Rxf6 Bxf6 50. a5 Be7 51. c6 Bd8 52. a6 Bb6 53. Kf3 Rf8+
54. Ke4 Re8+ 55. Kf3 Kg7 56. Ke2 h6 0-1

[Event "Club Championships A Grade"]
[Site "Wellington Chess Club"]
[Date "2019.10.24"]
[Round "5"]
[White "Nyberg, Michael"]
[Black "Dive, Russell"]
[Result "1-0"]
[WhiteElo "2104"]
[BlackElo "2410"]

1. e4 c6 2. d4 d5 3. Nd2 dxe4 4. Nxe4 Bf5 5. Ng3 Bg6 6. Nf3 Nd7 7. Bc4 e6 8.
Bf4 Nb6 9. Be2 Nd5 10. Bd2 Qb6 11. c4 Ndf6 12. Bc3 Bb4 13. Qd2 Bxc3 14. Qxc3
Ne7 15. O-O c5 16. dxc5 Qxc5 17. b4 Qc7 18. Rac1 O-O 19. Rfd1 a5 20. a3 Rfc8
21. Nd4 axb4 22. axb4 Ned5 23. Qd2 Nf4 24. Nb5 Qe5 25. Bf3 Nd3 $2 26. Bxb7 Nxc1
27. Bxa8 Rxa8 $2 (27... Nd3 {just holds on} 28. Be4 Rd8 29. Bxg6 hxg6 $16) 28.
Qd8+ 1-0

[Event "Club Championships A Grade"]
[Site "Wellington Chess Club"]
[Date "2019.10.24"]
[Round "5"]
[White "Timergazi, Layla"]
[Black "Croad, Nicolas"]
[Result "0-1"]
[WhiteElo "2166"]
[BlackElo "2442"]

1. d4 Nf6 2. c4 e6 3. Nc3 d5 4. Nf3 c6 5. e3 Nbd7 6. Bd3 dxc4 7. Bxc4 b5 8. Bd3
Bb7 9. O-O b4 10. Na4 Be7 11. e4 O-O 12. Qe2 Qa5 13. b3 Nb6 14. Nc5 Bxc5 15.
dxc5 Qxc5 16. e5 Nfd7 17. Bxh7+ $1 Kxh7 18. Ng5+ Kg6 19. Qd3+ (19. h4 $1 Rh8
20. g4 $1 Rxh4 21. Qe4+ f5 22. exf6+ {Not an easy line to see} ) 19... f5 20.
Bf4 Nd5 21. Nxe6 Qc3 22. Qe2 Nc5 23. Nxf8+ Rxf8 24. Qd2 Ne4 25. Qxc3 bxc3 26.
g3 Kf7 27. f3 Nc5 28. Rfd1 Ba6 29. Bg5 Be2 30. Re1 Bxf3 31. Be3 Nd3 32. Rf1
Nxe3 33. Rxf3 c2 0-1

[Event "Club Championships A Grade"]
[Site "Wellington Chess Club"]
[Date "2019.10.31"]
[Round "6"]
[White "Croad, Nicolas"]
[Black "Pomeroy, Arthur"]
[Result "1-0"]
[WhiteElo "2442"]
[BlackElo "2074"]

1. e4 c5 2. Nf3 d6 3. d4 cxd4 4. Nxd4 Nf6 5. Nc3 a6 6. Be3 e5 7. Nf3 Be7 8. Bc4
O-O 9. O-O Be6 10. Bb3 Nc6 11. Bg5 Ne8 12. Bxe7 Nxe7 13. Bxe6 fxe6 14. Qd3 Ng6
15. Ne2 Nf4 16. Nxf4 Rxf4 17. c4 Qf6 18. Ne1 Qg6 19. f3 h5 20. c5 dxc5 21. Qc3
Rc8 22. Nd3 Nd6 23. Qxe5 1-0

[Event "Club Championships A Grade"]
[Site "Wellington Chess Club"]
[Date "2019.10.31"]
[Round "6"]
[White "Dive, Russell"]
[Black "Timergazi, Layla"]
[Result "1-0"]
[WhiteElo "2410"]
[BlackElo "2166"]

1. Nf3 Nf6 2. c4 e6 3. g3 d5 4. Bg2 Be7 5. d4 O-O 6. Nc3 dxc4 7. O-O c5 8. dxc5
Bxc5 9. Qxd8 Rxd8 10. Ne5 Nd5 11. Rd1 Nc6 12. Nxc6 bxc6 13. e4 1-0

[Event "Club Championships A Grade"]
[Site "Wellington Chess Club"]
[Date "2019.10.31"]
[Round "6"]
[White "Ker, Anthony"]
[Black "Nyberg, Michael"]
[Result "1-0"]
[WhiteElo "2451"]
[BlackElo "2104"]

1. e4 e6 2. d4 d5 3. Nc3 Nf6 4. Bg5 Be7 5. e5 Nfd7 6. Bxe7 Qxe7 7. f4 c5 8. Nb5
Na6 9. Nd6+ Kf8 10. Nf3 h6 11. Bxa6 bxa6 12. Qe2 c4 13. f5 Nb6 14. Nxc8 Rxc8
15. f6 gxf6 16. exf6 Qb4+ 17. c3 Qd6 18. Ne5 Nd7 19. O-O Nxe5 20. dxe5 Qc7 21.
Rf4 Ke8 22. Rg4 Kd7 23. Rg7 Rcf8 24. Rf1 Ke8 25. Rf4 Qa5 26. h3 Kd8 27. Kh2 Qc7
28. b3 cxb3 29. axb3 Qxc3 30. Rg3 Qc7 31. Ra4 Rhg8 32. Rg7 Rxg7 33. fxg7 Rg8
34. Rg4 f5 35. Rg6 Qf7 36. Rxh6 Rxg7 37. Rh8+ Rg8 38. Rxg8+ Qxg8 39. Qxa6 Qf7
40. Qd6+ Qd7 41. h4 d4 42. Kg1 Ke8 43. Kf2 Qc8 44. Qxd4 Qc2+ 45. Kg1 Qxb3 46.
Qxa7 Qg3 47. Qa4+ Kf8 48. Qd4 Ke8 49. h5 f4 50. Kf1 Qg5 51. Qd6 Qf5 52. h6 Qb1+
53. Kf2 Qc2+ 54. Kg1 Qb1+ 55. Kh2 Qg6 56. Qc6+ Kf7 57. Qd7+ Kg8 58. Qg7+ Qxg7
59. hxg7 Kxg7 60. Kh3 Kg6 61. Kg4 f3 62. gxf3 Kh6 63. f4 Kg6 64. Kf3 Kf5 65.
Kg3 Kg6 66. Kg4 Kh6 67. f5 exf5+ 68. Kxf5 Kg7 69. Ke6 1-0

[Event "Club Championships A Grade"]
[Site "Wellington Chess Club"]
[Date "2019.10.31"]
[Round "6"]
[White "Nijman, Brian"]
[Black "Benitez, Edgar"]
[Result "1-0"]
[WhiteElo "2212"]
[BlackElo "2040"]

1. d4 Nf6 2. Bg5 h6 3. Bh4 d5 4. e3 Bf5 5. c4 e6 6. Bxf6 gxf6 7. Qb3 b6 8. Nc3
c6 9. Nge2 Be7 10. cxd5 exd5 11. Nf4 Bc8 12. Rc1 Bb7 13. Be2 Bd6 14. O-O Nd7
15. Bh5 Rh7 16. Qc2 Rh8 17. Bxf7+ Ke7 18. Qf5 Nf8 19. Bh5 Rg8 20. h4 Bc8 21.
Ncxd5+ 1-0